| 000 | 01097nam0a22003251 4500 | ||
|---|---|---|---|
| 001 | v19\rc\1818742 | ||
| 005 | 20071224114749.0 | ||
| 035 | _a(NLR Aleph) 004917055 | ||
| 090 |
_a5538067 _c5538067 |
||
| 100 | _a20071224d1907 |||y0rusy50 ca | ||
| 101 | 0 | _arus | |
| 102 | _aRU | ||
| 105 | _aa j ||||| | ||
| 200 | 1 |
_aУчебник минералогии и геологии _eДля сред. учеб. заведений _fПроф. А.В. Нечаев |
|
| 210 |
_aКиев _cПирогов. т-во _d1907 |
||
| 215 |
_a[1], VI, 171 с., 1 л. ил. _cил. _d23 |
||
| 300 | _aЗагл. 4-го изд.: Минералогия и геология | ||
| 517 | 0 | _aМинералогия и геология | |
| 700 | 1 |
_aНечаев _bА. В. _f1864-1915 _gАлексей Васильевич |
|
| 801 | 0 |
_aRU _bNLR _gpsbo |
|
| 801 | 0 |
_aRU _bRuMoRGB _2psbo |
|
| 801 | 1 |
_aRU _bProSoft-M _2rusmarc |
|
| 852 |
_aNLR _j68-7/363 |
||
| 899 |
_aRuMoRGB _jG 88/200 |
||
| 899 |
_aRuMoRGB _jG 81/146 |
||
| 899 | _aБАН | ||
| 899 | _aНБ СПбГУ | ||
| 899 | _aНБ МГУ | ||
| 942 | _cBOOK | ||
| 980 | _aNB | ||